000 00496nam a2200145Ia 4500
008 100204s9999 xx 000 0 und d
082 _b15465
100 _aइनामदार ना.स.
245 _aचांदराती रंगल्या
260 _b"सन पब्लिकेशन्स , पुणे"
_c1992
300 _a237
630 _aचांदराती रंगल्या
730 _aचांदराती रंगल्या
942 _cBOOK
999 _c459896
_d459893